000 00804nam a22002537a 4500
001 BR0304460
003 BR-BrBNA
005 20230928101353.0
007 ta
008 230509b bl.||||| |||| 00| 0 por d
040 _aBR-BrBNA
_bpor
_cBiblioteca Nacional de Agricultura
041 _a(Por)
072 _aH01; D50
090 _ H01 BR0304460
100 1 _aMacedo, E.(coord.)
110 1 _aConselho Federal de Engenharia, Arquitetura e Agronomia, Rio de Janeiro, RJ (Brasil)
_92634
245 1 _aLegislação brasileira sobre agrotóxicos (anteprojeto de Decreto que regulamenta as Leis Federais nºs 7.802 e 9.974)
260 3 _aBrasília, DF (Brasil):
_c2001.
300 _a87 p.
650 _aAGROTÓXICO
650 _aLEGISLAÇÃO
909 _a202309
_bLucia
_c55
_dLucia Elande
942 _cBK
999 _c65491
_d65491